Solo Blackpink - Statistiques

Statistiques générales
  • Ce quiz a été pris 775 fois
  • Le résultat moyen est 9 sur 11
Statistiques - réponses
Membre Solos % Correct
Jisoo Flower
98%
Lisa Money
97%
Jennie Solo
97%
Lisa Lalisa
95%
Rosé On the Ground
91%
Rosé Gone
88%
Jennie You and Me
88%
Jisoo All eyes on me
82%
Rosé Hard to Love
53%
Lisa SG
44%
Lisa Shoong
35%
Aucun quiz correspondant
Distribution des résultats
% des personnes avec chaque résultat
Percentile par nombre de réponses
Votre historique - résultats
Vous n’avez pas pris ce quiz